The largest urban areas of France by letter - A - Statistics

General Stats
  • This quiz has been taken 32 times
  • The average score is 8 of 18
Answer Stats
Region Population County % Correct
Provence-Alpes-Côte-d'Azur 448 000 Avignon
92%
Corsica 67 000 Ajaccio
83%
Hauts-de-France 162 000 Amiens
75%
Pays-de-la-Loire 220 000 Angers
67%
Auvergne-Rhône-Alpes 162 000 Annecy
67%
Provence-Alpes-Côte-d'Azur 55 000 Arles
63%
Occitanie 73 000 Albi
54%
Bourgogne-Franche-Comté 42 000 Auxerre
54%
Nouvelle-Aquitaine 81 000 Agen
50%
Nouvelle-Aquitaine 108 000 Angoulême
46%
Hauts-de-France 86 000 Arras
46%
Occitan 94 000 Alès
38%
Normandy 41 000 Alençon
33%
Auvergne-Rhône-Alpes 32 000 Aurillac
29%
Hauts-de-France 78 000 Armentières
25%
Auvergne-Rhône-Alpes 39 000 Albertville
8%
Nouvelle-Aquitaine 63 000 Arcachon - La Teste de Buch
8%
Auvergne-Rhône-Alpes 40 000 Aubenas
8%
No matching quizzes found
Score Distribution
Percent of People with Each Score
Percentile by Number Answered
Your Score History
You have not taken this quiz